000 00705nas1a22002291i 4500
001 RU\NLR\INFOCOMM10\1000104863
005 20240726092951.0
035 _a(NLR Aleph) 002647996
090 _a3844726
_c3844726
100 _a20031223c1906 |||y0rusy50 ca
101 0 _arus
102 _aRU
110 _aafa||||0|y0
200 1 _aВесенний поток
_eЕжемес. журн.
210 _aСПб.
_cВ.А.Лошкин
_d1906
801 1 _aRU
_bInfoComm
_c20031223
801 0 _aRU
_bNLR
_gPSBO
852 _aNLR
_j3/360
942 _cJOURNAL
980 _aRUSPER